| 000 | 00500nam a2200181Ia 4500 | ||
|---|---|---|---|
| 008 | 140529s9999 xx 000 0 und d | ||
| 020 | _a9780132993074 | ||
| 050 |
_aTX 911.3.M27 _b.W35 2013 |
||
| 100 | _aWalker, John R. | ||
| 245 |
_aIntroduction to hospitality / _cJohn R. Walker |
||
| 250 | _a6th ed. | ||
| 260 |
_aBoston : _bPearson, _cc2013. |
||
| 300 |
_a577 p. : _bcol. ill. ; _c26 cm. |
||
| 500 | _aIncludes glossary and index. | ||
| 521 | _aBSBA | ||
| 942 |
_kFOR _cBK |
||
| 999 |
_c117868 _d117868 |
||